Sports Quiz

Random Sports or NBA Quiz
Score 0/50 Timer 07:00
0 Plays Today
Old Team Player % Correct
NuggetsCarmelo Anthony
91.6%
JazzDeron Williams
83.5%
CavaliersMo Williams
83.4%
NuggetsShelden Williams
83.1%
CelticsKendrick Perkins
72.8%
NuggetsChauncey Billups
71.7%
ThunderJeff Green
70.2%
ClippersBaron Davis
69.4%
KnicksDanilo Gallinari
67.6%
KnicksWilson Chandler
63.7%
BobcatsGerald Wallace
63.6%
KnicksRaymond Felton
62.3%
NetsDevin Harris
61%
CelticsNate Robinson
60.6%
BullsJames Johnson
54.1%
NetsDerrick Favors
53.1%
WizardsKirk Hinrich
52.5%
HawksMike Bibby
52.4%
TimberwolvesCorey Brewer
47.5%
RocketsShane Battier
46.6%
RocketsAaron Brooks
46.6%
KnicksTimofey Mozgov
43.3%
ThunderNenad Krstic
41.2%
KnicksAnthony Randolph
40.8%
KnicksEddy Curry
40.7%
Old Team Player % Correct
KingsCarl Landry
39.5%
NetsTroy Murphy
38.4%
RocketsIshmael Smith
38.1%
SunsGoran Dragic
35.9%
NuggetsAnthony Carter
34.9%
GrizzliesHasheem Thabeet
32.3%
HawksJordan Crawford
32%
HornetsMarcus Thornton
31.6%
CelticsLuke Harangody
31.6%
NuggetsRenaldo Balkman
31.5%
CavaliersJamario Moon
30.4%
BobcatsNazr Mohammed
26.9%
CelticsMarquis Daniels
26.3%
CelticsSemih Erden
25.6%
Trail BlazersJoel Przybilla
23.6%
WarriorsBrandan Wright
21.9%
HawksMaurice Evans
18.5%
Trail BlazersDante Cunningham
16.4%
WarriorsDan Gadzuric
15.7%
ThunderD.J. White
15%
WizardsHilton Armstrong
14.8%
TimberwolvesKosta Koufos
13.7%
ThunderMorris Peterson
12.1%
Trail BlazersSean Marks
6.7%
GrizzliesDeMarre Carroll
6%
Come Together.
Have Fun.
All Virtual.
We all need to come together. Play Sporcle's virtual live trivia to have fun, connect with people, and get your trivia on. Join a live hosted trivia game for your favorite pub trivia experience done virtually. If a virtual private party is more your thing, go here for details.

You're not logged in!

Compare scores with friends on all Sporcle quizzes.
OR
Log In

Sporcle TV

Today on Sporcle TV


Watch our educational content, quiz creation guides, and fun videos on Sporcle TV.

Show Comments

Extras

Top Quizzes Today


Score Distribution

Paid Content

Your Account Isn't Verified!

In order to create a playlist on Sporcle, you need to verify the email address you used during registration. Go to your Sporcle Settings to finish the process.

Report this User

Report this user for behavior that violates our Community Guidelines.

Details: